007010000a22002290004500003000300000004000300003100014900006650002400155650001300179650002400192650002900216650002300245651001000268518001100278245009200289260003200381260000900413041000800422300001300430082002200443530000600465GTBV uNational Seminar on the Coordination of Policies and Practices in Technical Education and Vocational Training, Nepal, Kathmandu, Jan 20-22, 1988 aTechnical education aTraining aVocational training aEducational coordination aEducational policy aNepal a950327 aDraft report of national seminar on the coordination of policies and practices in CTEVT aKathmandubSATA/UNDP, Nepal c1988 aEng aii,192p. a371.426bN213dcN aM